Chuyện người giáo viên nhân dân
Nội dung tài liệu giới thiệu 44 bài viết về những tấm gương nhà giáo trên tất cả các lĩnh vực tri thức.
Uloženo v:
| Hlavní autor: | |
|---|---|
| Médium: | Kniha |
| Jazyk: | Undetermined |
| Vydáno: |
Hà Nội
Văn hóa - Thông tin
2014
|
| Témata: | |
| Tagy: |
Přidat tag
Žádné tagy, Buďte první, kdo otaguje tento záznam!
|
| Thư viện lưu trữ: | Trung tâm Học liệu Trường Đại học Cần Thơ |
|---|
| LEADER | 00769nam a2200205Ia 4500 | ||
|---|---|---|---|
| 001 | CTU_200525 | ||
| 008 | 210402s9999 xx 000 0 und d | ||
| 020 | |c 220000 | ||
| 082 | |a 371.10092 | ||
| 082 | |b Th107/T.1 | ||
| 100 | |a Thanh Thủy | ||
| 245 | 0 | |a Chuyện người giáo viên nhân dân | |
| 245 | 0 | |c Thanh Thủy (chủ biên) ; Nguyễn Lan... [et al.] biên tập | |
| 260 | |a Hà Nội | ||
| 260 | |b Văn hóa - Thông tin | ||
| 260 | |c 2014 | ||
| 520 | |a Nội dung tài liệu giới thiệu 44 bài viết về những tấm gương nhà giáo trên tất cả các lĩnh vực tri thức. | ||
| 650 | |a Teachers | ||
| 904 | |i Bằng | ||
| 980 | |a Trung tâm Học liệu Trường Đại học Cần Thơ | ||